Ochrana obetí rodovo podmieneného násilia páchaného na ženách

Rodovo podmienené násilie páchané na ženách ako diskriminácia. Problematika násilia na pôde Organizácie Spojených národov a Rady Európy. Strategický záväzok k rodovej rovnosti 2016-2019.

Gespeichert in:
Bibliographische Detailangaben
1. Verfasser: Magurová, Hana, 1986-
Weitere Verfasser: Magurová, Zuzana
Format: Buchkapitel
Sprache:Slowakisch
Schlagworte:
Tags: Tag hinzufügen
Keine Tags, Fügen Sie das erste Tag hinzu!

MARC

LEADER 00000naa a2200000 4500
001 0238934
005 20250514130525.0
041 0 |a slo 
044 |a SK 
245 1 0 |a Ochrana obetí rodovo podmieneného násilia páchaného na ženách  |c Hana Magurová, Zuzana Magurová 
520 |a Rodovo podmienené násilie páchané na ženách ako diskriminácia. Problematika násilia na pôde Organizácie Spojených národov a Rady Európy. Strategický záväzok k rodovej rovnosti 2016-2019. 
610 2 0 |a diskriminácia rodová 
610 2 0 |a ženy 
610 2 0 |a násilie domáce 
610 2 0 |a právo európske 
610 2 0 |a Rada Európy 
610 2 0 |a Organizácia spojených národov 
100 1 |a Magurová, Hana, 1986- 
700 1 |a Magurová, Zuzana